00627cam a2200169 a 4500008004100000020002500041245011800066260004900184300002900233504004100262650004600303651005800349700002300407003000100430005001700431040000900448  a9780797440654 (pbk.)10aConstitution in transition :bacademic inputs for a new constitution in Zimbabwe /c[edited by] Norbert Kersting  aHarare :bFriedrich-Ebert- Stiftung,c[2009] a306 p. :bill. ;c21 cm. aIncludes bibliographical references. 0aConstitutional lawzZimbabwevCongresses. 0aZimbabwexPolitics and governmenty1980-vCongresses.1 aKersting, Norbert.20230123125322.0 cNUST